00330nam a22001457a 4500003000400000005001700004008004100021020002000062040000700082082001400089100002100103245003200124260002000156300000800176OSt20211007124901.0211007b |||||||| |||| 00| 0 eng d a139780205625703 chu a302.2/dev ajoseph a, devito ainterpersonat communication ausabhallc2009 a388